000 00343nam a2200145Ia 4500
008 230718s9999 xx 000 0 und d
041 _aEng.
082 _a342.72
_bGRI-A
100 _aGriffin Stphan
245 0 _aAmerician constitution
260 _aPakistan
_bPeincetion University
_c1996
300 _a216
650 _aLaw
999 _c29972
_d29972